Modelovanie biznis procesov s neurčitosťou diplomová práca

Guardado en:
Detalles Bibliográficos
Autor principal: Turčák, Erik
Autor Corporativo: Fakulta hospodárskej informatiky EU. Katedra aplikovanej informatiky
Otros Autores: Rakovská, Eva, 1963-
Formato: Libro
Lenguaje:eslovaco
Publicado: Bratislava 2020
Etiquetas: Agregar Etiqueta
Sin Etiquetas, Sea el primero en etiquetar este registro!

MARC

LEADER 00000nbm a2200000 4500
001 0266830
005 20210512110357.7
041 0 |a slo 
044 |a SK 
245 1 0 |a Modelovanie biznis procesov s neurčitosťou  |b diplomová práca  |c Erik Turčák ; školiteľ: Eva Rakovská 
264 1 |a Bratislava  |c 2020 
300 |a 84 s. 
100 1 |a Turčák, Erik 
700 1 |a Rakovská, Eva, 1963- 
710 2 |a Fakulta hospodárskej informatiky EU. Katedra aplikovanej informatiky